<?xml version="1.0" encoding="UTF-8"?>
<record
    xmlns:xsi="http://www.w3.org/2001/XMLSchema-instance"
    xsi:schemaLocation="http://www.loc.gov/MARC21/slim http://www.loc.gov/standards/marcxml/schema/MARC21slim.xsd"
    xmlns="http://www.loc.gov/MARC21/slim">

  <leader>01667nam a2200217 a 4500</leader>
  <controlfield tag="001">22572</controlfield>
  <controlfield tag="003">CO-ViMGA</controlfield>
  <controlfield tag="008">141112s2004    ck      r     000 u spa d</controlfield>
  <datafield tag="040" ind1=" " ind2=" ">
    <subfield code="a">CO-ViMGA</subfield>
    <subfield code="b">spa</subfield>
    <subfield code="c">CO-ViMGA</subfield>
  </datafield>
  <datafield tag="082" ind1="0" ind2="4">
    <subfield code="a">757.4 S155d</subfield>
  </datafield>
  <datafield tag="100" ind1="1" ind2=" ">
    <subfield code="a">Sanmiguel, David</subfield>
    <subfield code="9">32090</subfield>
  </datafield>
  <datafield tag="245" ind1="1" ind2="0">
    <subfield code="a">Dibujo de bodeg&#xF3;n</subfield>
  </datafield>
  <datafield tag="260" ind1=" " ind2=" ">
    <subfield code="a">Barcelona : </subfield>
    <subfield code="b">Parram&#xF3;n, </subfield>
    <subfield code="c">2005</subfield>
  </datafield>
  <datafield tag="300" ind1=" " ind2=" ">
    <subfield code="a">159</subfield>
  </datafield>
  <datafield tag="505" ind1=" " ind2=" ">
    <subfield code="a">El dibujo elemental : el dibujo de los contornos, perspectiva y perspectivas en el dibujo de los bodegones, el encaje de los objetos, encaje de los objetos sencillo y compuestos 8 - 32 - - Luz y sombra en el bodeg&#xF3;n : Sombreado como realce del contorno de los objetos, el sombreado de las superficies, los valores, las sombras degradadas del bodegon 46 - 60 - - Formas y calidades y temas en el bodeg&#xF3;n : La representacion de la consistencia de las cosas, La representacion del metal, el dibujo de las flores, dibujo de mancha de un tema floral, supeficies, texturas y temas en el bodeg&#xF3;n 72 - 98 - - La composici&#xF3;n del bodeg&#xF3;n : La composici&#xF3;n del bodegon, esquemas compositivos, el espacio compositivo : forma y fondo, el contraste simultaneo 100 - 122 - - Paso a paso : Ensayos para un bodeg&#xF3;n de formas abstractas, Un bodegon a la aguada de tinta, preparativos para un dibujo de flores, el espacio y la atm&#xF3;sfera en un bodeg&#xF3;n a lapiz, peque&#xF1;o bodegon de jugetes, con cera 124 - 156  </subfield>
  </datafield>
  <datafield tag="590" ind1=" " ind2=" ">
    <subfield code="a">Forma de adquisici&#xF3;n : Compra - - Precio : 78000 - - Proveedor : Dismet - - Fecha de adquisici&#xF3;n : 2008</subfield>
  </datafield>
  <datafield tag="650" ind1="1" ind2="4">
    <subfield code="a">BODEGONES - DIBUJO - ENSE&#xD1;ANZAS</subfield>
    <subfield code="9">32091</subfield>
  </datafield>
  <datafield tag="650" ind1="1" ind2="4">
    <subfield code="a">BODEGONES - DIBUJO - TECNICAS</subfield>
    <subfield code="9">32092</subfield>
  </datafield>
  <datafield tag="650" ind1="1" ind2="4">
    <subfield code="a">DIBUJO TECNICAS</subfield>
    <subfield code="9">28373</subfield>
  </datafield>
  <datafield tag="942" ind1=" " ind2=" ">
    <subfield code="2">ddc</subfield>
    <subfield code="c">BK</subfield>
  </datafield>
  <datafield tag="999" ind1=" " ind2=" ">
    <subfield code="c">30873</subfield>
    <subfield code="d">30873</subfield>
  </datafield>
  <datafield tag="952" ind1=" " ind2=" ">
    <subfield code="0">0</subfield>
    <subfield code="1">0</subfield>
    <subfield code="2">ddc</subfield>
    <subfield code="4">0</subfield>
    <subfield code="7">0</subfield>
    <subfield code="8">003</subfield>
    <subfield code="a">MEVIECAR</subfield>
    <subfield code="b">MEVIECAR</subfield>
    <subfield code="d">2015-12-04</subfield>
    <subfield code="h">Volumen. 1 | 11/jun/2009</subfield>
    <subfield code="l">0</subfield>
    <subfield code="o">757.4 S155d </subfield>
    <subfield code="p">22572</subfield>
    <subfield code="r">2015-12-04 00:00:00</subfield>
    <subfield code="t">Ej. 1</subfield>
    <subfield code="w">2015-12-04</subfield>
    <subfield code="y">BK</subfield>
  </datafield>
</record>
